Hittite myths / (Registro nro. 26479)

Detalles MARC
000 -LEADER
campo de control de longitud fija 03421cam a22006014i 4500
003 - IDENTIFICADOR DE NÚMERO DE CONTROL
campo de control PE-LiUPU
005 - FECHA Y HORA DE LA ÚLTIMA TRANSACCIÓN
campo de control 20250731173046.0
008 - DATOS DE LONGITUD FIJA--INFORMACIÓN GENERAL
campo de control de longitud fija 980619s1998 gau rb 001 0 eng d
020 ## - NÚMERO INTERNACIONAL ESTÁNDAR DEL LIBRO
Número Internacional Estándar del Libro 9780788504884
Información calificativa (pbk. ;
-- alk. paper)
035 ## - NÚMERO DE CONTROL DEL SISTEMA
Número de control de sistema (Sirsi) i9780788504884
035 ## - NÚMERO DE CONTROL DEL SISTEMA
Número de control de sistema (OCoLC)39455874
040 ## - FUENTE DE CATALOGACIÓN
Centro catalogador/agencia de origen DLC
Lengua de catalogación spa
Centro/agencia transcriptor DLC
Centro/agencia modificador NLGGC
-- BTCTA
-- YDXCP
-- BAKER
-- TLE
-- DEBBG
-- CS1
-- COCUF
-- OCLCF
-- OCLCQ
-- PE-LiUPU
Normas de descripción rda
041 1# - CÓDIGO DE IDIOMA
Código de lengua del texto/banda sonora o título independiente eng
Código de lengua original ine
049 ## - FONDOS LOCALES (OCLC)
Biblioteca depositaria PRUA
050 00 - SIGNATURA TOPOGRÁFICA DE LA BIBLIOTECA DEL CONGRESO
Número de clasificación BL2370.H5
Número de ítem H57 1998
082 00 - NÚMERO DE LA CLASIFICACIÓN DECIMAL DEWEY
Número de clasificación 299.199
Cutter H5
Número de edición 21
100 1# - ENTRADA PRINCIPAL--NOMBRE DE PERSONA
Nombre de persona Hoffner, Harry A.,
Término indicativo de función/relación autor.
245 10 - MENCIÓN DEL TÍTULO
Título Hittite myths /
Mención de responsabilidad, etc. by Harry A. Hoffner, Jr. ; edited by Gary M. Beckman.
250 ## - MENCION DE EDICION
Mención de edición Second edition.
264 #1 - PRODUCCIÓN, PUBLICACIÓN, DISTRIBUCIÓN, FABRICACIÓN Y COPYRIGHT
Producción, publicación, distribución, fabricación y copyright Atlanta, Georgia :
Nombre del de productor, editor, distribuidor, fabricante Scholars Press,
Fecha de producción, publicación, distribución, fabricación o copyright 1998.
300 ## - DESCRIPCIÓN FÍSICA
Extensión ix, 120 páginas ;
Dimensiones 23 centímetros
336 ## - TIPO DE CONTENIDO
Término de tipo de contenido text
Fuente rdacontent
337 ## - TIPO DE MEDIO
Nombre/término del tipo de medio unmediated
Fuente rdamedia
338 ## - TIPO DE SOPORTE
Nombre/término del tipo de soporte volume
Fuente rdacarrier
490 1# - MENCIÓN DE SERIE
Mención de serie Writings from the ancient world ;
Designación de volumen o secuencia no 2
504 ## - NOTA DE BIBLIOGRAFÍA, ETC.
Nota de bibliografía, etc. Bibliografía : páginas 239-282.
504 ## - NOTA DE BIBLIOGRAFÍA, ETC.
Nota de bibliografía, etc. Índices : páginas 283-317.
505 0# - NOTA DE CONTENIDO CON FORMATO
Nota de contenido con formato The Illuyanka tales -- The disappearance of Telipinu --The disappearance of the storm god -- Sacrifice and prayer to the storm god of Nerik -- Myths of lost storm gods -- Telipinu and the daughter of the sea god -- The disappearance of the sun god -- The disappearance of Hannahanna -- Myths of the goddess Inara -- Kamrusepa myths -- The voyage of the immortal human soul -- When the storm god thunders frightfully -- Fragments of myths about lost and found deities -- The song of Kumarbi -- The song of the god Lamma -- The song of Silver -- The song of Hedammu -- The song of Ullikummi -- The song of release -- A tale of two cities : Kanesh and Zalpa -- Appu and his two sons -- The sun god, the cow, and the fisherman -- The hunter Kessi and his beautiful wife -- Elkunirsa and Ashertu.
520 1# - RESUMEN, ETC.
Sumario, etc. "This work contains the first English translations of a collection of Hittite myths. The translations are based on the original tablets on which the myths were written, and take into account recent textual discoveries and published studies on the texts. Revised and augmented, this second edition includes additional introductions to each myth and a newly published Hurrian myth, "The Song of Release," dealing with legal and social institutions in ancient Babylonia and Israel. Accessible to nonspecialists, the translations also preserve column and line count for the convenience of scholars."--Jacket.
526 ## - NOTA DE INFORMACIÓN SOBRE EL PROGRAMA DE ESTUDIO
Nombre del programa Segunda Especialidad En Profecías Bíblicas
526 ## - NOTA DE INFORMACIÓN SOBRE EL PROGRAMA DE ESTUDIO
Nombre del programa Segunda Especialidad En Nuevo Testamento
526 ## - NOTA DE INFORMACIÓN SOBRE EL PROGRAMA DE ESTUDIO
Nombre del programa Segunda Especialidad En Antiguo Testamento
526 ## - NOTA DE INFORMACIÓN SOBRE EL PROGRAMA DE ESTUDIO
Nombre del programa Segunda Especialidad En Estudios Adventistas
526 ## - NOTA DE INFORMACIÓN SOBRE EL PROGRAMA DE ESTUDIO
Nombre del programa Doctorado en teología
526 ## - NOTA DE INFORMACIÓN SOBRE EL PROGRAMA DE ESTUDIO
Nombre del programa Maestría en teología histórica
526 ## - NOTA DE INFORMACIÓN SOBRE EL PROGRAMA DE ESTUDIO
Nombre del programa Maestría en teología bíblica
526 ## - NOTA DE INFORMACIÓN SOBRE EL PROGRAMA DE ESTUDIO
Nombre del programa Maestría en teología
526 ## - NOTA DE INFORMACIÓN SOBRE EL PROGRAMA DE ESTUDIO
Nombre del programa Maestría en misionología
526 ## - NOTA DE INFORMACIÓN SOBRE EL PROGRAMA DE ESTUDIO
Nombre del programa Maestría en liderazgo eclesiástico
526 ## - NOTA DE INFORMACIÓN SOBRE EL PROGRAMA DE ESTUDIO
Nombre del programa Teología
596 ## -
-- 1
650 #4 - PUNTO DE ACCESO ADICIONAL DE MATERIA--TÉRMINO DE MATERIA
Término de materia o nombre geográfico como elemento de entrada Mitología Hitita.
650 #4 - PUNTO DE ACCESO ADICIONAL DE MATERIA--TÉRMINO DE MATERIA
Término de materia o nombre geográfico como elemento de entrada Mitología.
9 (RLIN) 3296
650 #4 - PUNTO DE ACCESO ADICIONAL DE MATERIA--TÉRMINO DE MATERIA
Término de materia o nombre geográfico como elemento de entrada Hititas.
700 1# - ENTRADA AGREGADA--NOMBRE PERSONAL
Nombre de persona Beckman, Gary M.,
Término indicativo de función/relación editor.
830 #0 - PUNTO DE ACCESO ADICIONAL DE SERIE-TÍTULO UNIFORME
Título uniforme Writings from the ancient world ;
Designación de volumen o secuencia no 2.
910 ## - DATOS DE OPCIÓN DEL USUARIO (OCLC)
Datos de opción del usuario dbm
-- jpc
-- jpc
-- 20171201
942 ## - ELEMENTOS DE ENTRADA SECUNDARIOS (KOHA)
Fuente del sistema de clasificación o colocación Clasificación Decimal Dewey
Tipo de ítem Koha
949 ## - PROCESAMIENTO DE INFORMACIÓN LOCAL (OCLC)
a 299.199 H5
w DEWEY
c 1
i 77351
l CATALOGING
m BUL
p 15.00
r 0
s Y
t BOOK
u 2017-12-04
x POSGRADO
-- P85
0 DONACION
o .STAFF. Colección Teología
994 ## -
-- C0
-- PEPRU
999 ## - NÚMEROS DE CONTROL DE SISTEMA (KOHA)
-- DEWEY
-- 77351
-- 2021-11-11
-- 4
-- CCODEBUL1
-- BUL
-- 15.00
-- 1
-- 0
-- Y
-- BOOK
-- 2017-12-4
-- TEOLOGIA
-- P85
-- DONACION
-- .STAFF. Colección Teología
980 ## - EQUIVALENCIA O REFERENCIA-CRUZADA-MENCIÓN DE SERIE--NOMBRE DE PERSONA/TÍTULO [LOCAL, CANADÁ]
ID del último usuario que modificó el registro 1
Nombre del último usuario que modificó el registro ALBERTO SANCHEZ Responsable de Automatización
Existencias
Visto por última vez Número de inventario Total de préstamos Signatura topográfica completa Código de barras Copia número Coste, precio de reemplazo Fecha de reemplazo Facultad Tipo de ítem Koha Nota pública Estado de pérdida Fuente del sistema de clasificación o colocación Restricciones de uso No para préstamo Colección Programa académico Biblioteca de origen Biblioteca actual Ubicación en estantería Fecha de adquisición Fuente de adquisición Coste, precio normal de compra
2025-12-02 5   299.199 H5 77351 e1 20.00 2017-12-04   Libros físicos inventario-2023-12-13 No Perdido Clasificación Decimal Dewey No restringido Disponible para préstamos Colección General Maestría en teología Biblioteca CRAI UPeU Lima Biblioteca CRAI UPeU Lima Sala principal 2017-12-04 DONACION 15.00